| 000 | 00680 a2200229 4500 | ||
|---|---|---|---|
| 999 |
_c7515 _d7515 |
||
| 020 | _a9780340987292 (pbk.) | ||
| 020 | _a0340987294 (pbk.) | ||
| 050 | 0 | 0 | _aHF 5351 MAR 2003 |
| 100 | 1 |
_aLines, David, _d1947- _eauthor |
|
| 245 | 1 | 0 |
_aComplete A-Z business studies handbook / _cIan Marcouse |
| 250 | _a3rd ed. | ||
| 264 |
_aLondon : _bHoddder education, _c2003. |
||
| 300 |
_a 213 p. : _bill. ; |
||
| 500 | _aPrevious ed.: London: Hodder Arnold, | ||
| 650 | 0 | _aBusiness | |
| 650 | 0 | _aBusiness | |
| 650 | 0 | _aCommerce | |
| 650 | 0 | _aCommerce | |
| 700 | 1 | _aMarcous,̌ Ian. | |
| 942 |
_2lcc _cBK _h5351 _iMAR _kHF |
||